Statistics for Select the EU Countries on the Map of Europe

Click here to take the quiz!

General Stats

  • This quiz has been taken 286 times
  • The average score is 21 of 45

Answers on the Map

Answers color-coded by a green-red scale on the quiz's map according to % correct below.
Loading ...
 

Answer Stats

Answer% Correct
(in the EU)
87%
(in the EU)
68%
(not in the EU)
62%
(in the EU)
61%
(in the EU)
58%
(in the EU)
55%
(not in the EU)
55%
(in the EU)
55%
(in the EU)
55%
(in the EU)
54%
(in the EU)
54%
(in the EU)
53%
(in the EU)
53%
(in the EU)
53%
(in the EU)
52%
(in the EU)
51%
(not in the EU)
51%
(not in the EU)
49%
(in the EU)
49%
(not in the EU)
48%
(not in the EU)
47%
(not in the EU)
47%
(in the EU)
47%
(in the EU)
47%
(in the EU)
45%
(in the EU)
44%
(in the EU)
43%
(in the EU)
43%
(in the EU)
42%
(in the EU)
42%
(not in the EU)
42%
(not in the EU)
42%
(not in the EU)
41%
(not in the EU)
40%
(not in the EU)
40%
(in the EU)
40%
(in the EU)
39%
(not in the EU)
38%
(not in the EU)
38%
(in the EU)
37%
(not in the EU)
36%
(not in the EU)
36%
(not in the EU)
34%
(not in the EU)
34%
(not in the EU)
30%

Score Distribution

Percentile by Number Answered

Percent of People with Each Score

Your Score History

You have not taken this quiz